| 000 | 00501nam a2200145Ia 4500 | ||
|---|---|---|---|
| 008 | 150610s9999 xx 000 0 und d | ||
| 020 | _a9715019900 | ||
| 050 |
_aBJ1661 _b.W36 2004 |
||
| 100 | _aWojno, Mary Ann Burkley. | ||
| 245 |
_aMy life, my choices : _bkey issues for young adults / _cby Mary Ann Burkley Wojno. |
||
| 260 |
_aQuezon City : _bClaretians Publications, _c2004. |
||
| 300 |
_a214pages : _billustrations ; _c28 cm. |
||
| 520 | _aTeenagers. | ||
| 650 | _xAdolescent psychology. | ||
| 999 |
_c288224 _d288224 |
||